000
00491nam a2200181Ia 4500
008
090124s9999 xx 000 0 und d
082
_b
39900
100
_a
कामतानाथ
245
_a
तुम्हारे नाम
250
_a
0
260
_c
1997
300
_a
192
600
_a
कामतानाथ
630
_a
तुम्हारे नाम
700
_a
कामतानाथ
730
_a
तुम्हारे नाम
942
_c
BOOK
999
_c
101554
_d
101554